| 000 | 01184njm a22002897a 4500 | ||
|---|---|---|---|
| 005 | 20100920124526.0 | ||
| 006 | a|||||r|||||00| 0 | ||
| 007 | sd ammalaaahaa | ||
| 008 | 100901t xxu||||| |||| 00| 0 eng d | ||
| 028 |
_a7YTJE. 2371 _bBrijvani records |
||
| 035 | _aGR-03899 | ||
| 040 |
_aSED _cSED |
||
| 100 |
_aBrijwant group _917891 |
||
| 245 |
_aTere poojan ko bhagwaan / _cby Brijwant group; lyric by Traditional; music by Sohan Lal _h[Sound recording] |
||
| 246 | _aतेरे पूजन को भगवान / ब्रिजवंत ग्रुप द्वारा | ||
| 260 |
_aDum Dum, India _bBrijvani records _c1985 |
||
| 300 |
_a1 Sound disc [Gramophone Recording] : _banalog, 45 rpm _c7 in. (SP) _fGramophone Record |
||
| 500 | _aBrief record | ||
| 500 | _aRecord Labels : Brijvani records, Green | ||
| 505 | _aSide-2 (Om jai jagdish hare) (Brijwant group) | ||
| 600 |
_aBrijwant group _919718 |
||
| 650 |
_aDevotional songs _xExcerpts _zIndia _917892 |
||
| 700 |
_aTraditional _920083 |
||
| 700 |
_aSohan Lal _920786 |
||
| 942 |
_2ddc _cGR |
||
| 999 |
_c46984 _d46984 |
||